[Event "BOL-ch"]
[Site "La Paz"]
[Date "2020.01.25"]
[Round "8"]
[White "Aguilar, Luis Miguel"]
[Black "Pinto, Daniel"]
[Result "1-0"]
[WhiteElo "2235"]
[BlackElo "2217"]
[PlyCount "129"]
[EventDate "2020.01.21"]
[EventType "tourn"]
[EventRounds "9"]
[EventCountry "BOL"]
[SourceTitle "CBM 195 Extra"]
[Source "ChessBase"]
[SourceDate "2020.05.31"]
[SourceVersion "1"]
[SourceVersionDate "2020.05.31"]
[SourceQuality "1"]

1. g3 e5 2. Bg2 Bc5 3. c4 Nc6 4. Nc3 Nge7 5. e3 d6 6. Nge2 Bf5 7. d4 exd4 8. exd4 Bb6 9. 0-0 a6 10. Be3 0-0 11. Nf4 Ng6 12. Nfd5 Ba7 13. b4 Qd7 14. a4 Rae8 15. a5 Bg4 16. Qd2 Nce7 17. b5 Nxd5 18. Nxd5 axb5 19. cxb5 c6 20. bxc6 bxc6 21. Nb4 d5 22. Rfc1 Rc8 23. Ra2 Ne7 24. Nd3 Bh3 25. Ne5 Qe6 26. Bxh3 Qxh3 27. Rb2 Rc7 28. Bf4 g5 29. Bxg5 f6 30. Bxf6 Rxf6 31. Qg5+ Rg6 32. Nxg6 hxg6 33. Re2 Qf5 34. Qe3 Qf6 35. Rd2 Nf5 36. Qe5 Qxe5 37. dxe5 Nd4 38. Rc3 Kf7 39. Kg2 Ke6 40. f4 Kf5 41. a6 Nb5 42. Rf3 Nd4 43. Rc3 Ne6 44. Kf3 Nd4+ 45. Kg2 Ne6 46. Kf3 Nd4+ 47. Kg2 Nb5 48. Rf3 d4 49. h3 c5 50. g4+ Ke4 51. e6 Nc3 52. f5 gxf5 53. gxf5 Ke5 54. Rb2 Nd5 55. Rb7 Rxb7 56. axb7 Kf6 57. Ra3 Bb8 58. Ra8 Be5 59. Rf8+ Ke7 60. Rf7+ Ke8 61. Kf3 Ne7 62. Ke4 Nc6 63. Kd5 d3 64. Kxc6 c4 65. f6 1-0

[Event "BOL-ch"]
[Site "La Paz"]
[Date "2020.01.24"]
[Round "6"]
[White "Aguilar, Luis Miguel"]
[Black "Bolanos, Fernando"]
[Result "1/2-1/2"]
[WhiteElo "2235"]
[BlackElo "2249"]
[PlyCount "92"]
[EventDate "2020.01.21"]
[EventType "tourn"]
[EventRounds "9"]
[EventCountry "BOL"]
[SourceTitle "CBM 195 Extra"]
[Source "ChessBase"]
[SourceDate "2020.05.31"]
[SourceVersion "1"]
[SourceVersionDate "2020.05.31"]
[SourceQuality "1"]

1. g3 e5 2. Bg2 d5 3. c4 dxc4 4. Qa4+ Bd7 5. Qxc4 Nc6 6. Nf3 Be7 7. 0-0 Nf6 8. b3 Be6 9. Qc2 e4 10. Ng5 Nd4 11. Qd1 Bg4 12. Nc3 Bb4 13. f3 exf3 14. Nxf3 0-0 15. a3 Ba5 16. b4 Bb6 17. e3 Bxf3 18. Bxf3 Nxf3+ 19. Qxf3 Qd3 20. Qe2 Rfd8 21. Qxd3 Rxd3 22. Na4 Ne4 23. Nb2 Rb3 24. Nc4 a5 25. Rf4 Nf6 26. bxa5 Bxa5 27. Nxa5 Rxa5 28. Rc4 c6 29. Ra2 Nd5 30. Rac2 Kf8 31. Kf2 Nc7 32. a4 Nd5 33. Rb2 Rxb2 34. Bxb2 f6 35. Ke2 Ke7 36. e4 Nc7 37. Rb4 b5 38. axb5 Rxb5 39. Ba3 Rxb4 40. Bxb4+ Ke6 41. Ke3 f5 42. Ba5 Nb5 43. Bb6 Ke5 44. exf5 Kxf5 45. h3 Ke5 46. Bc5 g6 1/2-1/2

[Event "BOL-ch"]
[Site "La Paz"]
[Date "2020.01.23"]
[Round "4"]
[White "Aguilar, Luis Miguel"]
[Black "Gemy Vargas, Jose Daniel"]
[Result "0-1"]
[WhiteElo "2235"]
[BlackElo "2376"]
[PlyCount "56"]
[EventDate "2020.01.21"]
[EventType "tourn"]
[EventRounds "9"]
[EventCountry "BOL"]
[SourceTitle "CBM 195 Extra"]
[Source "ChessBase"]
[SourceDate "2020.05.31"]
[SourceVersion "1"]
[SourceVersionDate "2020.05.31"]
[SourceQuality "1"]

1. g3 d5 2. Bg2 Nf6 3. c4 d4 4. Nf3 c5 5. 0-0 Nc6 6. d3 g6 7. e3 Bg7 8. exd4 cxd4 9. Qa4 0-0 10. b4 a5 11. b5 Nb4 12. Qd1 Bf5 13. Ne1 Qc7 14. a3 Nxd3 15. Nxd3 Qxc4 16. Nb2 Qxb5 17. Re1 Nd5 18. a4 Qc5 19. Nd2 Nc3 20. Qf3 Rac8 21. Nd3 Qc7 22. g4 Be6 23. Qxb7 Bxg4 24. Rxe7 Ne2+ 25. Kf1 Qc3 26. f3 Nxc1 27. Nb2 Qxd2 28. fxg4 Rc2 0-1

[Event "BOL-ch"]
[Site "La Paz"]
[Date "2020.01.23"]
[Round "5"]
[White "Cordero, Daniela"]
[Black "Aguilar, Luis Miguel"]
[Result "1/2-1/2"]
[WhiteElo "2063"]
[BlackElo "2235"]
[PlyCount "41"]
[EventDate "2020.01.21"]
[EventType "tourn"]
[EventRounds "9"]
[EventCountry "BOL"]
[SourceTitle "CBM 195 Extra"]
[Source "ChessBase"]
[SourceDate "2020.05.31"]
[SourceVersion "1"]
[SourceVersionDate "2020.05.31"]
[SourceQuality "1"]

1. d4 d6 2. Nf3 Nf6 3. g3 Nbd7 4. Bg2 e5 5. 0-0 c6 6. c4 Be7 7. Nc3 0-0 8. Qc2 Qc7 9. e4 a5 10. b3 Re8 11. h3 Nf8 12. Be3 Bd7 13. dxe5 dxe5 14. c5 h6 15. Na4 Ne6 16. Rfd1 Rad8 17. Ne1 Bc8 18. Qc3 Ng5 19. Bxg5 hxg5 20. Nd3 Rd4 21. Nxe5 1/2-1/2

[Event "BOL-ch"]
[Site "La Paz"]
[Date "2020.01.21"]
[Round "1"]
[White "Aguilar, Luis Miguel"]
[Black "Almendras, Elias"]
[Result "0-1"]
[WhiteElo "2235"]
[BlackElo "2094"]
[PlyCount "48"]
[EventDate "2020.01.21"]
[EventType "tourn"]
[EventRounds "9"]
[EventCountry "BOL"]
[SourceTitle "CBM 195 Extra"]
[Source "ChessBase"]
[SourceDate "2020.05.31"]
[SourceVersion "1"]
[SourceVersionDate "2020.05.31"]
[SourceQuality "1"]

1. g3 Nf6 2. Bg2 d5 3. c4 dxc4 4. Qa4+ Nfd7 5. Qxc4 g6 6. Nf3 Bg7 7. 0-0 0-0 8. d3 Nc6 9. Nc3 Nb6 10. Qc5 e5 11. Be3 Re8 12. Ne4 Be6 13. Rfd1 Bd5 14. Nfd2 h6 15. Nb3 f5 16. Ned2 a5 17. Qb5 Bxg2 18. Kxg2 a4 19. Bxb6 cxb6 20. Nc1 Nd4 21. Qc4+ Kh7 22. e4 Qe7 23. Nf3 Rec8 24. Qd5 Ra5 0-1

[Event "Pan American-ch U20"]
[Site "Cochabamba"]
[Date "2019.08.05"]
[Round "8"]
[White "Aguilar, Luis Miguel"]
[Black "Mollo, Jhoan"]
[Result "1-0"]
[WhiteElo "2204"]
[BlackElo "2023"]
[PlyCount "85"]
[EventDate "2019.08.01"]
[EventType "swiss"]
[EventRounds "9"]
[EventCountry "BOL"]
[SourceTitle "EXT 2021"]
[Source "ChessBase"]
[SourceDate "2020.10.23"]
[SourceVersion "1"]
[SourceVersionDate "2020.10.23"]
[SourceQuality "1"]

1. g3 d5 2. Bg2 Nf6 3. c4 c6 4. cxd5 cxd5 5. Nf3 Nc6 6. 0-0 Bf5 7. a3 e6 8. b4 Be7 9. d3 h6 10. Nbd2 0-0 11. Nb3 Nd7 12. Bb2 Bf6 13. Qd2 a6 14. Rfc1 Rc8 15. Rab1 e5 16. a4 b5 17. axb5 axb5 18. Nc5 Nb6 19. Ra1 e4 20. Bxf6 Qxf6 21. Nh4 Nd4 22. Nxf5 Nxf5 23. dxe4 dxe4 24. Nxe4 Qe5 25. Rxc8 Rxc8 26. Rd1 Kh7 27. Nc5 g6 28. Nd7 Nxd7 29. Qxd7 Rc7 30. Qd2 Rc4 31. e3 Qe7 32. Bd5 Rxb4 33. Bxf7 Re4 34. Bb3 Re5 35. Qd7 Kg7 36. Qc8 Rc5 37. Qg8+ Kf6 38. Qh8+ Kg5 39. h4+ Kg4 40. Qa8 g5 41. Kg2 Nxe3+ 42. fxe3 Qxe3 43. Be6+ 1-0

[Event "American Continental 15th"]
[Site "Sao Paulo"]
[Date "2019.07.13"]
[Round "11"]
[White "Aguilar, Luis Miguel"]
[Black "Coro, Lucas"]
[Result "0-1"]
[WhiteElo "2175"]
[BlackElo "2312"]
[PlyCount "160"]
[EventDate "2019.07.05"]
[EventType "swiss"]
[EventRounds "11"]
[EventCountry "BRA"]
[SourceTitle "CBM 191 Extra"]
[Source "ChessBase"]
[SourceDate "2019.09.30"]
[SourceVersion "1"]
[SourceVersionDate "2019.09.30"]
[SourceQuality "1"]

1. g3 e5 2. Bg2 Nc6 3. c4 f5 4. a3 a5 5. Nc3 Nf6 6. e3 g6 7. d4 d6 8. Nge2 Bg7 9. 0-0 0-0 10. Rb1 e4 11. b4 axb4 12. axb4 g5 13. f3 exf3 14. Bxf3 Qe7 15. Bd2 Bd7 16. Qc2 Rae8 17. Nd5 Nxd5 18. cxd5 Nd8 19. Bh5 f4 20. exf4 Bf5 21. Qc4 Bxb1 22. Rxb1 Nf7 23. Rf1 Qe4 24. Bf3 Qg6 25. Qxc7 g4 26. f5 Qxf5 27. Bg2 Qd3 28. Nf4 Qxd2 29. Ne6 Qe3+ 30. Kh1 Rxe6 31. dxe6 Qxe6 32. Qxb7 Nd8 33. Rxf8+ Kxf8 34. Qe4 Qxe4 35. Bxe4 h6 36. Bf5 Bxd4 37. Bxg4 Nc6 38. b5 Ne5 39. Be2 Ke7 40. Kg2 Kf6 41. g4 Bc5 42. Kg3 d5 43. h4 Nf7 44. Kf4 Bd6+ 45. Ke3 Ke5 46. Kd3 Be7 47. g5 hxg5 48. Bh5 Nd6 49. hxg5 Bxg5 50. Bf3 Nxb5 51. Bxd5 Kxd5 52. Ke2 Ke4 53. Kf2 Bh4+ 54. Kg2 Kf4 55. Kh3 Be1 56. Kg2 Nd4 57. Kh2 Kf3 58. Kg1 Bg3 59. Kh1 Nf5 60. Kg1 Ne3 61. Kh1 Ng4 62. Kg1 Bd6 63. Kh1 Kg3 64. Kg1 Nf2 65. Kf1 Kf3 66. Kg1 Bb8 67. Kf1 Bh2 68. Ke1 Ne4 69. Kf1 Nd2+ 70. Ke1 Ke3 71. Kd1 Kd3 72. Ke1 Bg3+ 73. Kd1 Bf2 74. Kc1 Nc4 75. Kd1 Nb2+ 76. Kc1 Kc3 77. Kb1 Kb3 78. Kc1 Be3+ 79. Kb1 Nc4 80. Ka1 Bg5 0-1

[Event "American Continental 15th"]
[Site "Sao Paulo"]
[Date "2019.07.09"]
[Round "7"]
[White "Aguilar, Luis Miguel"]
[Black "Languidey, Simon Alejandro"]
[Result "0-1"]
[WhiteElo "2175"]
[BlackElo "2427"]
[PlyCount "60"]
[EventDate "2019.07.05"]
[EventType "swiss"]
[EventRounds "11"]
[EventCountry "BRA"]
[SourceTitle "CBM 191 Extra"]
[Source "ChessBase"]
[SourceDate "2019.09.30"]
[SourceVersion "1"]
[SourceVersionDate "2019.09.30"]
[SourceQuality "1"]

1. g3 Nf6 2. Bg2 d5 3. c4 e6 4. Nf3 Nbd7 5. cxd5 exd5 6. 0-0 Be7 7. b3 0-0 8. Bb2 a5 9. a3 Nc5 10. d3 h6 11. Nbd2 Bf5 12. Qc2 Ne6 13. Nd4 Nxd4 14. Bxd4 c6 15. Qc3 Qd7 16. b4 a4 17. Rfe1 Rfe8 18. Rac1 Bh3 19. Bh1 Ng4 20. e4 dxe4 21. dxe4 Rad8 22. Nf3 Qe6 23. Qc2 Bd6 24. Bb2 Bc7 25. Nd4 Qg6 26. Nf5 Bb6 27. Re2 Qg5 28. Qc3 Nxf2 29. Rxf2 Rd2 30. Bg2 Bxf2+ 0-1

[Event "American Continental 15th"]
[Site "Sao Paulo"]
[Date "2019.07.07"]
[Round "3"]
[White "Aguilar, Luis Miguel"]
[Black "Acosta, Pablo Alejandro"]
[Result "1-0"]
[WhiteElo "2175"]
[BlackElo "1992"]
[PlyCount "121"]
[EventDate "2019.07.05"]
[EventType "swiss"]
[EventRounds "11"]
[EventCountry "BRA"]
[SourceTitle "CBM 191 Extra"]
[Source "ChessBase"]
[SourceDate "2019.09.30"]
[SourceVersion "1"]
[SourceVersionDate "2019.09.30"]
[SourceQuality "1"]

1. g3 e5 2. Bg2 d5 3. c4 c6 4. cxd5 cxd5 5. d4 e4 6. Nc3 Nf6 7. Bg5 Bb4 8. e3 Bxc3+ 9. bxc3 Nbd7 10. Ne2 0-0 11. 0-0 Re8 12. Qb3 h6 13. Bxf6 Nxf6 14. c4 dxc4 15. Qxc4 Be6 16. Qb4 Qd7 17. Rfb1 Rab8 18. Nf4 Nd5 19. Nxd5 Bxd5 20. a4 Rbc8 21. Rc1 Rc7 22. Qa5 Rec8 23. Rxc7 Rxc7 24. Qxa7 Qc8 25. Bf1 Rc2 26. Qa5 Qf5 27. Qe1 Bc6 28. a5 Kh7 29. Rc1 Rxc1 30. Qxc1 Qxa5 31. Bc4 Bd5 32. Bxd5 Qxd5 33. Kf1 Kg6 34. Ke1 Qa5+ 35. Qd2 Qa1+ 36. Ke2 Qa6+ 37. Kd1 Qc4 38. d5 Kf5 39. Ke1 Qa4 40. Qc3 Kg6 41. d6 f6 42. h4 h5 43. Qc7 Qa1+ 44. Ke2 Qa6+ 45. Ke1 Qa1+ 46. Ke2 Qa6+ 47. Kd2 Qa2+ 48. Kc3 Qb1 49. Kd4 Qd3+ 50. Kc5 Qa3+ 51. Kd5 Qd3+ 52. Ke6 Qb3+ 53. Kd7 b5 54. Qb7 Qc4 55. Qc6 Qf7+ 56. Kc8 Qe8+ 57. Kb7 Qe6 58. d7 Qe7 59. Kc8 b4 60. d8Q Qa7 61. Qxe4+ 1-0

[Event "American Continental 15th"]
[Site "Sao Paulo"]
[Date "2019.07.05"]
[Round "1"]
[White "Aguilar, Luis Miguel"]
[Black "Azevedo, Eduardo Jose E"]
[Result "1-0"]
[WhiteElo "2175"]
[BlackElo "1738"]
[PlyCount "57"]
[EventDate "2019.07.05"]
[EventType "swiss"]
[EventRounds "11"]
[EventCountry "BRA"]
[SourceTitle "CBM 191 Extra"]
[Source "ChessBase"]
[SourceDate "2019.09.30"]
[SourceVersion "1"]
[SourceVersionDate "2019.09.30"]
[SourceQuality "1"]

1. g3 f5 2. Bg2 d5 3. c4 e6 4. d3 Nf6 5. Nf3 c6 6. 0-0 Bd6 7. Nc3 0-0 8. e4 dxe4 9. dxe4 e5 10. Qb3 Kh8 11. exf5 Qe7 12. Nh4 Na6 13. Bg5 Nc5 14. Qc2 a5 15. Rad1 Qc7 16. Rfe1 Bd7 17. Qd2 Be7 18. Qe2 Bd6 19. Qd2 Be7 20. f4 e4 21. Nxe4 Nfxe4 22. Bxe4 Bxg5 23. fxg5 Rfe8 24. Bb1 Rxe1+ 25. Rxe1 Re8 26. f6 Rxe1+ 27. Qxe1 gxf6 28. Qe7 Qe5 29. Qf8# 1-0

[Event "South America-ch U20"]
[Site "Asuncion"]
[Date "2019.05.14"]
[Round "6"]
[White "Aguilar, Luis Miguel"]
[Black "Estrada Lavin, Cristian Alexan"]
[Result "1/2-1/2"]
[WhiteElo "2193"]
[BlackElo "2116"]
[PlyCount "110"]
[EventDate "2019.05.11"]
[EventType "swiss"]
[EventRounds "9"]
[EventCountry "PAR"]
[SourceTitle "CBM 190 Extra"]
[Source "ChessBase"]
[SourceDate "2019.07.15"]
[SourceVersion "1"]
[SourceVersionDate "2019.07.15"]
[SourceQuality "1"]

1. g3 d5 2. Bg2 Nf6 3. c4 c6 4. b3 Bf5 5. Nf3 e6 6. 0-0 h6 7. d3 Be7 8. Bb2 0-0 9. Nbd2 Nbd7 10. h3 Bh7 11. Kh2 a5 12. a3 Qb8 13. Re1 Rd8 14. Bc3 e5 15. cxd5 cxd5 16. a4 Bd6 17. Nb1 b5 18. axb5 Qxb5 19. Nfd2 h5 20. Kg1 Bc5 21. Rf1 e4 22. dxe4 dxe4 23. e3 Bf5 24. Qc1 Rdc8 25. Qb2 Bb4 26. Bd4 Qd3 27. Rc1 Qa6 28. Nc3 Qe6 29. Ne2 g5 30. Kh2 Rxc1 31. Qxc1 Ne5 32. Bxe5 Qxe5 33. Nc4 Qc7 34. Nd4 Bg6 35. Qb2 Nd5 36. Qc2 Nc3 37. Ne2 Nxe2 38. Qxe2 Rd8 39. Rc1 Rd3 40. Qb2 Qe7 41. Ne5 Rd2 42. Rc8+ Kg7 43. Nxg6+ Rxb2 44. Nxe7 Bxe7 45. Rc7 Kf6 46. Kg1 Rb1+ 47. Kh2 Rxb3 48. Bxe4 a4 49. Ra7 a3 50. Bd5 Rb2 51. Kg2 Rd2 52. Bc4 Rc2 53. Bb3 Rb2 54. Bc4 Rc2 55. Bb3 Rb2 1/2-1/2

[Event "South America-ch U20"]
[Site "Asuncion"]
[Date "2019.05.14"]
[Round "5"]
[White "Aguilar, Luis Miguel"]
[Black "Gomez Barrera, Gonzalo Andres"]
[Result "1-0"]
[WhiteElo "2193"]
[BlackElo "2058"]
[PlyCount "111"]
[EventDate "2019.05.11"]
[EventType "swiss"]
[EventRounds "9"]
[EventCountry "PAR"]
[SourceTitle "CBM 190 Extra"]
[Source "ChessBase"]
[SourceDate "2019.07.15"]
[SourceVersion "1"]
[SourceVersionDate "2019.07.15"]
[SourceQuality "1"]

1. g3 Nf6 2. Bg2 d5 3. c4 c6 4. cxd5 cxd5 5. Nf3 Bg4 6. Ne5 Bf5 7. Qa4+ Nbd7 8. Nc3 e6 9. g4 Bc2 10. Nxf7 Bxa4 11. Nxd8 Rxd8 12. Nxa4 Bd6 13. h3 0-0 14. Nc3 a6 15. d3 d4 16. Nb1 Rc8 17. Nd2 b5 18. Nb3 e5 19. a4 bxa4 20. Rxa4 Nc5 21. Nxc5 Rxc5 22. Bd2 Rc2 23. Rxa6 Rxb2 24. Rxd6 Rb1+ 25. Bc1 Rxc1+ 26. Kd2 Rc3 27. Rc1 Rxc1 28. Kxc1 Re8 29. Kd2 Rb8 30. Bf3 Rb2+ 31. Kc1 Rb5 32. g5 Ne8 33. Rd8 Rc5+ 34. Kd2 Kf7 35. Bh5+ g6 36. Rd7+ Kg8 37. Bf3 Rc7 38. Rd5 Re7 39. Rd8 Kg7 40. Bd5 h6 41. h4 hxg5 42. hxg5 Nc7 43. Bc4 Ne8 44. e3 dxe3+ 45. Kxe3 Kh7 46. Ke4 Ng7 47. Bg8+ Kh8 48. Be6+ Kh7 49. Bg4 Rf7 50. f3 Nh5 51. Kxe5 Re7+ 52. Kd6 Re3 53. d4 Nf4 54. Rd7+ Kg8 55. Re7 Rd3 56. Re4 1-0

[Event "Olympiad-43"]
[Site "Batumi"]
[Date "2018.10.02"]
[Round "8.2"]
[White "Pace, Colin"]
[Black "Aguilar, Luis Miguel"]
[Result "1-0"]
[WhiteElo "2132"]
[BlackElo "2203"]
[PlyCount "59"]
[EventDate "2018.09.24"]
[EventType "team-swiss"]
[EventRounds "11"]
[EventCountry "GEO"]
[SourceTitle "CBM 187"]
[Source "ChessBase"]
[SourceDate "2018.12.11"]
[SourceVersion "1"]
[SourceVersionDate "2018.12.11"]
[SourceQuality "1"]
[WhiteTeam "Malta"]
[BlackTeam "Bolivia"]
[WhiteTeamCountry "MLT"]
[BlackTeamCountry "BOL"]

1. e4 d6 2. d4 Nf6 3. Nc3 Nbd7 4. Nf3 e5 5. Bc4 Be7 6. 0-0 h6 7. a4 c6 8. a5 Qc7 9. Qe2 g5 10. dxe5 dxe5 11. h4 g4 12. Nh2 h5 13. f4 g3 14. Nf3 Ng4 15. Ng5 Bc5+ 16. Kh1 Nf2+ 17. Rxf2 gxf2 18. Bxf7+ Ke7 19. Bd2 exf4 20. b4 Bd4 21. Qc4 Qd6 22. Rf1 Be3 23. Bxe3 fxe3 24. e5 Qxe5 25. Bg8 Nf6 26. Qf7+ Kd8 27. Rd1+ Bd7 28. Ne6+ Kc8 29. Qf8+ Ne8 30. Qxe8+ 1-0

[Event "Olympiad-43"]
[Site "Batumi"]
[Date "2018.09.27"]
[Round "4.56"]
[White "Aguilar, Luis Miguel"]
[Black "Kayastha, Madan Krishna"]
[Result "0-1"]
[WhiteElo "2203"]
[BlackElo "2077"]
[PlyCount "96"]
[EventDate "2018.09.24"]
[EventType "team-swiss"]
[EventRounds "11"]
[EventCountry "GEO"]
[SourceTitle "CBM 187"]
[Source "ChessBase"]
[SourceDate "2018.12.11"]
[SourceVersion "1"]
[SourceVersionDate "2018.12.11"]
[SourceQuality "1"]
[WhiteTeam "Bolivia"]
[BlackTeam "Nepal"]
[WhiteTeamCountry "BOL"]
[BlackTeamCountry "NEP"]

1. g3 d5 2. Bg2 Nf6 3. c4 dxc4 4. Qa4+ Nfd7 5. Qxc4 g6 6. Nf3 Bg7 7. 0-0 0-0 8. d3 Nb6 9. Qh4 Nc6 10. Nc3 e5 11. a4 a5 12. Qxd8 Nxd8 13. Be3 e4 14. dxe4 Nc4 15. Bd4 Nxb2 16. Nd5 Ne6 17. Nf6+ Bxf6 18. Bxf6 Nc4 19. Rfc1 Nb6 20. Nd4 c6 21. Rcb1 Nc4 22. Nxe6 fxe6 23. e5 Ra6 24. e3 Rb6 25. Rd1 Rb2 26. Bf1 Nd2 27. Ra3 Ne4 28. Be7 Re8 29. Rd4 Nxf2 30. Bd8 c5 31. Rd6 Ne4 32. Rd1 Nd2 33. Rxd2 Rxd2 34. Bxa5 Rb2 35. Ra1 b6 36. Be1 Bb7 37. g4 Be4 38. Bh4 Ra8 39. Be7 Rb1 40. Ra3 Ra7 41. Bf6 Rd7 42. Kf2 Rd2+ 43. Be2 Rbb2 44. Kg3 Rxe2 45. Kf4 Bd5 46. Kg5 Rxh2 47. a5 Rbf2 48. Ra4 Kf7 0-1

[Event "Olympiad-43"]
[Site "Batumi"]
[Date "2018.09.24"]
[Round "1.9"]
[White "Nabaty, Tamir"]
[Black "Aguilar, Luis Miguel"]
[Result "1-0"]
[WhiteElo "2692"]
[BlackElo "2203"]
[PlyCount "63"]
[EventDate "2018.09.24"]
[EventType "team-swiss"]
[EventRounds "11"]
[EventCountry "GEO"]
[SourceTitle "CBM 187"]
[Source "ChessBase"]
[SourceDate "2018.12.11"]
[SourceVersion "1"]
[SourceVersionDate "2018.12.11"]
[SourceQuality "1"]
[WhiteTeam "Israel"]
[BlackTeam "Bolivia"]
[WhiteTeamCountry "ISR"]
[BlackTeamCountry "BOL"]

1. e4 d6 2. d4 Nf6 3. Nc3 Nbd7 4. Nf3 e5 5. Bc4 Be7 6. 0-0 h6 7. a4 c6 8. a5 g5 9. Be3 Qc7 10. d5 Nf8 11. b4 Ng6 12. a6 0-0 13. axb7 Bxb7 14. dxc6 Qxc6 15. Nd2 a6 16. f3 Nf4 17. g3 d5 18. gxf4 dxc4 19. fxe5 Bxb4 20. Ne2 Nd7 21. c3 Bc5 22. Nd4 Qc7 23. f4 gxf4 24. Bxf4 Kh7 25. e6 Rg8+ 26. Kh1 Qb6 27. Qh5 Rg6 28. Bxh6 Nf6 29. Rxf6 Rxf6 30. Bg5+ Kg7 31. Bxf6+ Kxf6 32. Rf1+ 1-0

[Event "South America-ch U20"]
[Site "Asuncion"]
[Date "2018.05.24"]
[Round "8"]
[White "Aguilar, Luis Miguel"]
[Black "Barrios Chamorro, Jesus Adrian"]
[Result "1-0"]
[WhiteElo "2239"]
[BlackElo "1542"]
[PlyCount "39"]
[EventDate "2018.05.20"]
[EventType "swiss"]
[EventRounds "9"]
[EventCountry "PAR"]
[SourceTitle "CBM 184 Extra"]
[Source "ChessBase"]
[SourceDate "2018.06.28"]
[SourceVersion "1"]
[SourceVersionDate "2018.06.28"]
[SourceQuality "1"]

1. g3 Nf6 2. Bg2 g6 3. e4 e5 4. Ne2 Bg7 5. c3 d6 6. d4 Nbd7 7. 0-0 0-0 8. f4 Re8 9. Nd2 c6 10. h3 Qc7 11. Qc2 exd4 12. cxd4 c5 13. e5 dxe5 14. dxe5 Nxe5 15. fxe5 Qxe5 16. Nf4 Qd4+ 17. Kh2 Bf5 18. Qc4 Qe3 19. Nb3 Qe7 20. Qxc5 1-0

[Event "South America-ch U20"]
[Site "Asuncion"]
[Date "2018.05.21"]
[Round "2"]
[White "Estrada Lavin, Cristian Alexan"]
[Black "Aguilar, Luis Miguel"]
[Result "1-0"]
[WhiteElo "2131"]
[BlackElo "2239"]
[PlyCount "83"]
[EventDate "2018.05.20"]
[EventType "swiss"]
[EventRounds "9"]
[EventCountry "PAR"]
[SourceTitle "CBM 184 Extra"]
[Source "ChessBase"]
[SourceDate "2018.06.28"]
[SourceVersion "1"]
[SourceVersionDate "2018.06.28"]
[SourceQuality "1"]

1. d4 Nf6 2. c4 e6 3. Nc3 c5 4. d5 exd5 5. cxd5 d6 6. Nf3 g6 7. Bf4 a6 8. a4 Bg7 9. h3 0-0 10. e3 Ne8 11. Bd3 Nd7 12. Nd2 Ne5 13. Bc2 Bd7 14. Bh2 f5 15. f4 Nf7 16. 0-0 b5 17. Qf3 Rb8 18. axb5 axb5 19. Rfe1 b4 20. Nd1 Ra8 21. Rb1 Bb5 22. e4 fxe4 23. Nxe4 c4 24. b3 c3 25. Ne3 Ra2 26. Rbc1 Ne5 27. Qd1 Rxc2 28. Nxc2 Nd3 29. Kh1 Nf6 30. Nxf6+ Bxf6 31. Bg1 Bh4 32. Re4 Nxc1 33. Qxc1 Bd3 34. Rxb4 Re8 35. Ne3 Bf6 36. Ng4 Bg7 37. Bd4 Qh4 38. Qxc3 Qg3 39. Rb8 Rxb8 40. Bxg7 h5 41. Nf6+ Kxg7 42. Nxh5+ 1-0

[Event "South America-ch U20"]
[Site "Asuncion"]
[Date "2018.05.20"]
[Round "1"]
[White "Aguilar, Luis Miguel"]
[Black "Gomez Barrera, Gonzalo Andres"]
[Result "1-0"]
[WhiteElo "2239"]
[BlackElo "1883"]
[PlyCount "81"]
[EventDate "2018.05.20"]
[EventType "swiss"]
[EventRounds "9"]
[EventCountry "PAR"]
[SourceTitle "CBM 184 Extra"]
[Source "ChessBase"]
[SourceDate "2018.06.28"]
[SourceVersion "1"]
[SourceVersionDate "2018.06.28"]
[SourceQuality "1"]

1. g3 Nf6 2. Bg2 g6 3. e4 d6 4. Ne2 Bg7 5. 0-0 0-0 6. f4 e6 7. d4 d5 8. e5 Nfd7 9. Be3 c5 10. dxc5 Na6 11. Na3 Ndxc5 12. c4 Ne4 13. Qc2 Nb4 14. Qb3 Qe7 15. Rfc1 b6 16. cxd5 exd5 17. Nb5 Ba6 18. Ned4 Bxb5 19. Nxb5 Rfd8 20. Rc7 Qf8 21. Bxe4 dxe4 22. Nd6 Rxd6 23. exd6 Na6 24. Rb7 Nc5 25. Bxc5 bxc5 26. Qd5 Bd4+ 27. Kg2 Rd8 28. d7 Qe7 29. Rxa7 Kg7 30. Re1 e3 31. Kf3 h5 32. b4 Kh7 33. Rc7 h4 34. bxc5 Qf6 35. Rc8 Bc3 36. Rxe3 Qa6 37. Qxf7+ Bg7 38. Rxd8 Qf1+ 39. Kg4 Qd1+ 40. Rf3 hxg3 41. Kg5 1-0

[Event "BOL-ch"]
[Site "Sucre"]
[Date "2018.01.17"]
[Round "2"]
[White "Aguilar, Luis Miguel"]
[Black "Zambrana, Oswaldo"]
[Result "1-0"]
[WhiteElo "2233"]
[BlackElo "2455"]
[PlyCount "89"]
[EventDate "2018.01.17"]
[EventType "tourn"]
[EventRounds "9"]
[EventCountry "BOL"]
[SourceTitle "EXT 2019"]
[Source "ChessBase"]
[SourceDate "2018.10.10"]
[SourceVersion "1"]
[SourceVersionDate "2018.10.10"]
[SourceQuality "1"]

1. g3 Nf6 2. Bg2 g6 3. c4 Bg7 4. Nf3 c5 5. Nc3 Nc6 6. 0-0 0-0 7. d3 d6 8. a3 Bd7 9. Rb1 Qc8 10. Re1 Bh3 11. Bh1 a5 12. Bg5 Rb8 13. Qd2 Bg4 14. Nd5 b5 15. Bxf6 exf6 16. Qf4 bxc4 17. Qxd6 Re8 18. Nxf6+ Bxf6 19. Qxf6 Re6 20. Qf4 Bxf3 21. Bxf3 cxd3 22. Bd5 dxe2 23. Rxe2 Nd4 24. Re3 Rbb6 25. Bxe6 Rxe6 26. Rbe1 Qb7 27. Rxe6 fxe6 28. Qe4 Qxb2 29. Rb1 Qd2 30. Rb8+ Kf7 31. Qb7+ Kf6 32. Rf8+ Kg5 33. Qe7+ Kh6 34. Qh4+ Kg7 35. Qf6+ Kh6 36. Qf4+ Qxf4 37. gxf4 Nb5 38. Rc8 Nxa3 39. Rxc5 a4 40. Kf1 Kg7 41. Ke2 Kf6 42. Kd3 h6 43. Kc3 Ke7 44. Kb4 Nb1 45. Rc2 1-0

[Event "Olympiad-42"]
[Site "Baku"]
[Date "2016.09.05"]
[Round "4.2"]
[White "Aguilar, Luis Miguel"]
[Black "Masrahi, Abdulrahman A"]
[Result "1-0"]
[WhiteElo "2301"]
[BlackElo "1900"]
[PlyCount "107"]
[EventDate "2016.09.02"]
[EventType "team-swiss"]
[EventRounds "11"]
[EventCountry "AZE"]
[SourceTitle "CBM 175"]
[Source "ChessBase"]
[SourceDate "2016.11.10"]
[SourceVersion "1"]
[SourceVersionDate "2016.11.10"]
[SourceQuality "1"]
[WhiteTeam "Bolivia"]
[BlackTeam "Saudi Arabia"]
[WhiteTeamCountry "BOL"]
[BlackTeamCountry "SAU"]

1. g3 d5 2. Bg2 Nf6 3. c4 c6 4. cxd5 cxd5 5. Nf3 Nc6 6. 0-0 Bf5 7. d3 e6 8. Nc3 Be7 9. Qa4 0-0 10. e4 Bg6 11. Nh4 dxe4 12. Nxg6 hxg6 13. dxe4 Qb6 14. Rb1 Ng4 15. Qc2 Rac8 16. Qe2 Nge5 17. Be3 Nd4 18. Bxd4 Qxd4 19. Rfd1 Qb4 20. Qb5 Qxb5 21. Nxb5 Rc2 22. Nd4 Rc5 23. f4 Ng4 24. Rd3 Ra5 25. h3 Nf6 26. a3 Rd8 27. Rbd1 Rc5 28. Nf5 gxf5 29. Rxd8+ Bxd8 30. Rxd8+ Kh7 31. exf5 Rxf5 32. Rb8 Rb5 33. Rxb7 Rxb7 34. Bxb7 a5 35. Bc6 Kg8 36. Kf2 Kf8 37. Ke3 Ke7 38. b4 Kd6 39. Bf3 axb4 40. axb4 Ng8 41. Kd4 Ne7 42. Be4 f6 43. Kc4 Nc8 44. Kb5 Kc7 45. Kc5 Nb6 46. Bc6 Nc8 47. g4 g5 48. fxg5 fxg5 49. b5 Ne7 50. b6+ Kb8 51. Be4 Nc8 52. b7 Nb6 53. Kxb6 e5 54. Kc6 1-0